000 00364nam a22001337a 4500
005 20120628112646.0
020 _c250.00
037 _adpl
_bK .K.Pub / ven
245 _aIllustrated dictionery of IT
260 _aNoida
_bSaraswat Book Pub
_c2011
270 _aG-9 Sec-22
_bNoida
300 _a190pg, iillus
_c22cm
942 _2ddc
_cEN
_h621.003
_mILL
999 _c68231
_d68231